| 000 | 01570 a2200277 4500 | ||
|---|---|---|---|
| 003 | OSt | ||
| 005 | 20180116192340.0 | ||
| 008 | 120524t xxu||||| |||| 00| 0 eng d | ||
| 020 | _a041508833X (paperback) | ||
| 020 | _a9780415088336 (paperback) | ||
| 040 | _c0 | ||
| 082 | 0 | 4 | _a939.18 |
| 100 | 1 |
_aCastleden, Rodney. _92042 |
|
| 245 | 1 | 0 |
_aMinoan life in bronze age crete / _cRodney Castleden. |
| 250 | _aReprint ed. | ||
| 260 |
_aLondon : _bRoutledge, _c1993. |
||
| 300 |
_a236 p. ; _bill.; _c24 cm. |
||
| 500 | _aIncludes index . | ||
| 520 | _aSince Sir Arthur Evans first brought attention to the Minoans in the early 1890s, the people of Bronze Age Crete have become a fixture in the study of European prehistory as well as a source of romance and myth in the popular imagination. In his latest work, Castleden contests the usual depiction of this people, providing a more informed description of the Minoan way of life. Expanding on the interpretation he began to formulate in his highly acclaimed work, The Knossos Labyrinth, Castleden uses the latest evidence to discuss the nature of the Minoan empire, the problems of interpreting the Mycenean conquest of Crete, and the influence of their society on Cretan prehistory. | ||
| 650 | 0 |
_aMinoans _xSocial life and customs _92043 |
|
| 650 | 0 |
_aGreece _xCrete _92044 |
|
| 650 | 0 |
_aManners and customs _92045 |
|
| 856 | 4 | 0 |
_3Amazon.com _uhttp://www.amazon.com/exec/obidos/ASIN/041508833X/chopaconline-20 |
| 942 |
_aSADA _cBK _k939.18 CAS 1993 _2ddc |
||
| 999 |
_c352636 _d352636 |
||